Zamestnávanie dôchodcov

Mzdové podmienky pre dohodárov a pracujúcich dôchodcov po 1.1.2013. Odvody za zamestnaných dôchodcov. Zdaňovanie pracujúcich dôchodcov.

Gespeichert in:
Bibliographische Detailangaben
1. Verfasser: Válek, Juraj, 1981-
Format: Buchkapitel
Sprache:Slowakisch
Schlagworte:
Tags: Tag hinzufügen
Keine Tags, Fügen Sie das erste Tag hinzu!

MARC

LEADER 00000naa a2200000 4500
001 0162964
005 20240502072825.5
041 0 |a slo 
044 |a SK 
245 1 0 |a Zamestnávanie dôchodcov  |c Juraj Válek 
520 |a Mzdové podmienky pre dohodárov a pracujúcich dôchodcov po 1.1.2013. Odvody za zamestnaných dôchodcov. Zdaňovanie pracujúcich dôchodcov. 
610 2 0 |a dôchodcovia 
610 2 0 |a dôchodky zamestnanecké 
610 2 0 |a mzdy 
610 2 0 |a odvody 
100 1 |a Válek, Juraj, 1981-